Value Chains in Development: Emerging Theory and Practice. (Record no. 4747)
[ view plain ]
| 005 - DATE AND TIME OF LATEST TRANSACTION | |
|---|---|
| control field | 20250624073753.0 |
| 020 ## - INTERNATIONAL STANDARD BOOK NUMBER | |
| International Standard Book Number | 978-1-85339-739-4 |
| 082 ## - DEWEY DECIMAL CLASSIFICATION NUMBER | |
| Classification number | 351.253.6 JON |
| 100 ## - MAIN ENTRY--PERSONAL NAME | |
| Author name | JONES, L. M. |
| 245 ## - TITLE STATEMENT | |
| Title | Value Chains in Development: Emerging Theory and Practice. |
| 250 ## - EDITION STATEMENT | |
| Edition statement | 6th Ed, |
| 260 ## - PUBLICATION, DISTRIBUTION, ETC. | |
| Place of publication, distribution, etc. | London, |
| Name of publisher, distributor, etc. | JONES, L. M, |
| Date of publication, distribution, etc. | 2011. |
| 300 ## - PHYSICAL DESCRIPTION | |
| Extent | ix, 226p.; ill, figure & table |
| Other physical details | Index & references |
| Dimensions | 23.4cm |
| 942 ## - ADDED ENTRY ELEMENTS (KOHA) | |
| Source of classification or shelving scheme | Dewey Decimal Classification |
| Koha item type | Books |
| Date last seen | Total checkouts | Full call number | Barcode | Cost, replacement price | Price effective from | Koha item type | Lost status | Source of classification or shelving scheme | Damaged status | Not for loan | Withdrawn status | Home library | Current library | Shelving location | Date acquired | Cost, normal purchase price |
|---|---|---|---|---|---|---|---|---|---|---|---|---|---|---|---|---|
| 06/24/2025 | 351.253.6 JON | DOM0003607 | 230100.00 | 06/24/2025 | Books | Dewey Decimal Classification | CBE Dodoma | CBE Dodoma | Special Reserve Collection | 07/24/2017 | 76700.00 |
